000 00454ntaaa2200181 4500
003 01
005 20251027202324.0
008 0714s1973 ag 01
040 _aAR-BaBN
_bspa
_cAR-BaBN
_eaacr
_dRIC
082 _a281.9000 B44
100 _aBenz, Ernst
_95866
245 _aThe Eastern Orthodox Church
250 _a1 ed.
260 _aGarden City, N.Y. :
_bDoubleday Co.,
_cc1963
300 _a230 p
650 _aiglesia ortodoxa
_915922
942 _cBK
999 _c18039
_d18039